000 00262nam a2200109Ia 4500
008 190216s9999||||xx |||||||||||||| ||und||
100 _aSeshadri P K
245 4 _aThe Golden Quill An Anthology Of Poetry
260 _bMacmillan
650 _aEnglish
942 _cBK
999 _c13248
_d13248